| 000 | 00397nam a22001577a 4500 | ||
|---|---|---|---|
| 003 | OSt | ||
| 008 | 231026b |||||||| |||| 00| 0 eng d | ||
| 041 | _amal | ||
| 082 |
_a637.5212 _bGEO/ARC |
||
| 100 |
_aAlmeida, George D _95542 |
||
| 245 | _aArc weldanam | ||
| 260 |
_aThiruvananthapuram : _bState Institute of Languages, _c1974. |
||
| 300 | _a102p. | ||
| 650 |
_aArc welding _95543 |
||
| 942 | _cBK | ||
| 999 |
_c17761 _d17761 |
||